Fünfunddreissig Litographien (Record no. 6090)

MARC details
000 -CABECERA
campo de control de longitud fija 00486nam a2200169 a 4500
001 - NÚMERO DE CONTROL
campo de control BRCA_6405
005 - FECHA Y HORA DE LA ÚLTIMA TRANSACCIÓN
campo de control 20190320205436.0
008 - DATOS DE LONGITUD FIJA--INFORMACIÓN GENERAL
campo de control de longitud fija 080911s1861----it-a######---#000-0#ger-#b.L36 1861
100 1# - ENTRADA PRINCIPAL--NOMBRE DE PERSONA
Nombre de persona Landesio, Eugenio
9 (RLIN) 16018
245 10 - MENCIÓN DE TÍTULO
Título Fünfunddreissig Litographien
Mención de responsabilidad, etc. Eugenio Landesio.
260 ## - PUBLICACIÓN, DISTRIBUCIÓN, ETC.
Lugar de publicación, distribución, etc. Turín, Italia
Nombre del editor, distribuidor, etc. s.n.
Fecha de publicación, distribución, etc. 1861
300 ## - DESCRIPCIÓN FÍSICA
Extensión 1 v. (sin paginación)
Otras características físicas il.
Dimensiones 25 cm.
500 ## - NOTA GENERAL
Nota general CDE26
650 14 - PUNTO DE ACCESO ADICIONAL DE MATERIA--TÉRMINO DE MATERIA
Término de materia o nombre geográfico como elemento de entrada Litografías
Subdivisión geográfica Turín, Italia
9 (RLIN) 16019
902 ## - CATALOGADOR
Iniciales GFM
942 ## - ELEMENTOS DE PUNTO DE ACCESO ADICIONAL (KOHA)
Fuente del sistema de clasificación o colocación Library of Congress Classification
Tipo de ítem Koha Libros
Holdings
Estado de retiro Estado de pérdida Estado dañado No para préstamo Localización permanente Ubicación/localización actual Fecha de adquisición Número de inventario Total de préstamos Signatura topográfica completa Código de barras Fecha visto por última vez Precio válido a partir de Tipo de ítem Koha
El ejemplar forma parte de la colección y puede ser consultado según las políticas vigentes.       Biblioteca del Museo Franz Mayer (Rogerio Casas-Alatriste) Biblioteca del Museo Franz Mayer (Rogerio Casas-Alatriste) 08/09/2011 CDE26   (CDE26) 6852 22/03/2019 22/03/2019 Libros